000 00568 a2200217 4500
020 _a0-15-572815-6
041 _aEng.
082 _a401.9
_bC548p
100 _aClark, Herbert H.
100 _aClark, Eve V.
245 _aPsychology and language; an introduction to psycholinguistics
260 _aNew York:
_bHarcourt Brace, Jovanovich,
_c1977.
300 _axvi, 608p.
504 _aBibliography: p.569-593
650 _aPsychology
650 _aComprehension
650 _aMemorization
650 _aPhonology
653 _aLanguage
942 _2ddc
_cGEN
999 _c73136
_d73125